Retailer demand drops in high streets (Record no. 72528)

MARC details
000 -LEADER
fixed length control field 00814cam a2200193 4500
001 - CONTROL NUMBER
control field WB3915-04
008 - FIXED-LENGTH DATA ELEMENTS--GENERAL INFORMATION
fixed length control field 030423n2003 000 0 eng u
035 ## - SYSTEM CONTROL NUMBER
System control number (Sirsi) u122064
245 ## - TITLE STATEMENT
Title Retailer demand drops in high streets
260 ## - PUBLICATION, DISTRIBUTION, ETC.
Date of publication, distribution, etc. 2003
490 ## - SERIES STATEMENT
Series statement Donaldsons Press Release
Volume/sequential designation 7 April 2003 (1)
520 ## - SUMMARY, ETC.
Summary, etc. Latest quarterly publication "Retail spotlight" from Donaldsons reveals falling demand for high street shops, indicating that shop unit rents are now increasing at only 0.5% a year. Copies of the full report are downloadable from http://www.donaldsons.co.uk http://www.donaldsons.co.uk/rcs/Reef/61706/pressoffice_pub/index.xml
590 ## - LOCAL NOTE (RLIN)
Local note WB
650 ## - SUBJECT ADDED ENTRY--TOPICAL TERM
Topical term or geographic name entry element RETAIL UNITS
650 ## - SUBJECT ADDED ENTRY--TOPICAL TERM
Topical term or geographic name entry element RETAIL RENTS
650 ## - SUBJECT ADDED ENTRY--TOPICAL TERM
Topical term or geographic name entry element CONSUMER SPENDING
690 ## - LOCAL SUBJECT ADDED ENTRY--TOPICAL TERM (OCLC, RLIN)
Topical term or geographic name as entry element PROPERTY-COMMERCIAL PROPERTY
942 ## - ADDED ENTRY ELEMENTS (KOHA)
Suppress in OPAC 0
Holdings
Withdrawn status Lost status Source of classification or shelving scheme Damaged status Not for loan Home library Current library Shelving location Date acquired Total Checkouts Full call number Barcode Date last seen Copy number Price effective from Koha item type
    Dewey Decimal Classification     London London News article 23/04/2003   WB3915-04 122064-1001 06/08/2019 1 06/08/2019 News article